| 000 | 00903nas a2200265 4500 | ||
|---|---|---|---|
| 001 | BR9204040 | ||
| 003 | BR-BrBNA | ||
| 005 | 20231205092659.0 | ||
| 007 | ta | ||
| 008 | 230509b bl.|||p| |||| 00| 00por d | ||
| 040 |
_aBR-BrBNA _bpor _cBiblioteca Nacional de Agricultura |
||
| 041 | _a(Pt) | ||
| 072 | _aH10 | ||
| 100 | 1 | _aSato, M.E. | |
| 100 | 1 | _aNakano, O. | |
| 245 | 1 | _aInfluencia da epoca de plantio na infestacao e dano de Thrips tabaci Lindeman, 1888 na cultura da cebola (Allium cepa L.) | |
| 246 | 1 | _aInfluence of planting period on the occurrence and damage of Thrips tabaci Lindeman, 1888 on onion crop. | |
| 650 | _aCEBOLA | ||
| 650 | _aTRIPS | ||
| 650 | _aEPOCA DE PLANTIO | ||
| 650 | _aINFESTACAO | ||
| 773 | 0 |
_tRevista de Agricultura (Brazil) _xISSN 0034-7655 _g(Aug 1990), v. 65(2) p. 111-124 _wBR9204040 |
|
| 909 |
_a202311 _bLúcia _c55 _dLúcia Elande |
||
| 942 |
_2AGRIS _n0 _cANA |
||
| 999 |
_c133368 _d133368 |
||